KOHA-Header-6

Communication in Our Lives (Record no. 13999)

000 -LEADER
fixed length control field 00311nam a22001337a 4500
020 ## - INTERNATIONAL STANDARD BOOK NUMBER
ISBN 978-1-305-94954-6
082 ## - DEWEY DECIMAL CLASSIFICATION NUMBER
Classification number 302.2
100 ## - MAIN ENTRY--AUTHOR NAME
Personal name Dr. Julia T. Wood
245 ## - TITLE STATEMENT
Title Communication in Our Lives
250 ## - EDITION STATEMENT
Edition statement 8th Edition
260 ## - PUBLICATION, DISTRIBUTION, ETC. (IMPRINT)
Place of publication Australia
Name of publisher Cengage Learning
Year of publication 2017
300 ## - PHYSICAL DESCRIPTION
Number of Pages 480 pages
942 ## - ADDED ENTRY ELEMENTS (KOHA)
Koha item type Books
Holdings
Withdrawn status Lost status Collection code Permanent Location Current Location Shelving location Date acquired Full call number Accession Number Koha item type
    Psychology MAJU MAJU Shelf No.A35 2025-04-29 302.2 11100 Books

Powered by Koha